|
|
|
|
| LEADER |
01612nam a2200337 4500 |
| 001 |
DLU170180892 |
| 005 |
##20170911 |
| 020 |
# |
# |
|a 9786047911417
|
| 040 |
# |
# |
|a DLU
|b vie
|
| 041 |
# |
# |
|a vie
|
| 044 |
# |
# |
|a vn
|
| 082 |
# |
# |
|a 658.5
|b DA-T
|
| 100 |
# |
# |
|a Đặng Minh Trang.
|
| 245 |
# |
# |
|a Quản trị vận hành hiện đại :
|b Quản trị sản xuất và dịch vụ : Lý thuyết và tình huống thực hành ứng dụng của các công ty Việt Nam /
|c Đặng Minh Trang, Lưu Đan Thọ.
|
| 260 |
# |
# |
|a H. :
|b Tài chính,
|c 2015.
|
| 300 |
# |
# |
|a 486 tr. :
|b bảng biểu ;
|c 24 cm.
|
| 504 |
# |
# |
|a Tài liệu tham khảo: tr.484-486.
|
| 505 |
# |
# |
|a Chương 1. Tổng quan về quản trị vận hành -- Chương 2. Dự báo -- Chương 3. Thiết kế sản phẩm, dịch vụ và lựa chọn quá trình vận hành -- Chương 4. Hoạch định công suất sản xuất và dịch vụ -- Chương 5. Định vị công ty -- Chương 6. Bố trí mặt bằng sản xuất và kinh doanh dịch vụ -- Chương 7. Hoạch định tổng hợp -- Chương 8. Quản trị tồn kho và hoạch định nhu cầu vật tư MRP -- Chương 9. Điều độ tác nghiệp -- Chương 10. Độ tin cậy và bảo trì máy -- Chương 11. Xếp hàng chờ -- Chương 12. Mô phỏng.
|
| 650 |
# |
# |
|a Sản xuất.
|
| 700 |
# |
# |
|a Lưu Đan Thọ.
|
| 923 |
# |
# |
|a 05/2016
|
| 991 |
# |
# |
|a GT
|
| 992 |
# |
# |
|a 128000
|
| 994 |
# |
# |
|a DLU
|
| 900 |
# |
# |
|a True
|
| 911 |
# |
# |
|a Nguyễn Thanh Hương
|
| 925 |
# |
# |
|a G
|
| 926 |
# |
# |
|a A
|
| 927 |
# |
# |
|a SH
|
| 980 |
# |
# |
|a Thư viện Trường Đại học Đà Lạt
|